<?xml version="1.0" encoding="UTF-8"?>
<collection xmlns="http://www.loc.gov/MARC21/slim">
 <record>
  <leader>00499pamaa2200145   4500</leader>
  <controlfield tag="001">0000024600</controlfield>
  <controlfield tag="005">20061228090000.0</controlfield>
  <datafield tag="020" ind1="0" ind2="0">
   <subfield code="a">0895772736 </subfield>
  </datafield>
  <datafield tag="090" ind1="0" ind2="0">
   <subfield code="a">AG243 </subfield>
   <subfield code="b">REA 1988</subfield>
  </datafield>
  <datafield tag="245" ind1="0" ind2="4">
   <subfield code="a">The READER's digest book of strange stories, amazing facts II  </subfield>
   <subfield code="c">editor, Charles L. Chesnut.</subfield>
  </datafield>
  <datafield tag="260" ind1="0" ind2="0">
   <subfield code="a">New York.: </subfield>
   <subfield code="b">The Reader's Digest Assoc., Inc., </subfield>
   <subfield code="c">1988.</subfield>
  </datafield>
  <datafield tag="300" ind1=" " ind2=" ">
   <subfield code="a">448p.: </subfield>
   <subfield code="b">ill.col.; </subfield>
   <subfield code="c">26cm.</subfield>
  </datafield>
  <datafield tag="500" ind1="0" ind2="0">
   <subfield code="a">At head of title: Reader's Digest</subfield>
  </datafield>
  <datafield tag="650" ind1="0" ind2="0">
   <subfield code="a">Handbooks, vade mecums, etc. </subfield>
  </datafield>
  <datafield tag="650" ind1="0" ind2="0">
   <subfield code="a">Curiosities and wonders </subfield>
  </datafield>
 </record>
</collection>
